|
|
|
|
| LEADER |
00959nab#a2200325#ar4500 |
| 001 |
000062421 |
| 003 |
SVKKK |
| 005 |
19960927xxxxxxx. |
| 008 |
06 c xo huno |
| FMT |
|
|
|
| 038 |
|
|
|a SVKKK
|
| 040 |
|
|
|a SVKKK
|b slo
|e AACR2
|
| 041 |
0 |
|
|a hun
|
| 044 |
|
|
|a xo
|c SK
|
| 080 |
|
|
|a 894.511(437.6)-1
|
| 242 |
1 |
0 |
|a Spomínajme na staré časy
|
| 245 |
0 |
0 |
|a Emlékezzünk rég időkről
|c Karol Janka
|
| 500 |
|
|
|a Károly
|
| 500 |
|
|
|a Správny, doplnený výtlačok.
|
| 520 |
2 |
|
|a V predchádzajúcom čísle (44/1903) bola báseň uverejnená neúplne.
|
| 650 |
0 |
4 |
|a básne - literatúra maďarská - texty
|
| 700 |
1 |
|
|a Janka, Karol
|4 aut
|
| 773 |
0 |
|
|t Homonna és Vidéke : Vegyes tartalmu társadalmi, közmüvelődési, szépirodalmi és közgazdasági hetilap
|g Roč. 3, č. 45 (05.11.1903) s. 3
|
| 957 |
|
|
|a Humenné
|
| 958 |
|
|
|a DG
|
| 958 |
|
|
|a SK
|
| 974 |
|
|
|a Ba
|d 19960927
|
| 992 |
|
|
|a RBX
|
| BAS |
|
|
|
| 998 |
|
|
|a RETRO
|